Normal view
MARC view
Entry Personal Name
001 - CONTROL NUMBER
- control field: 61375
003 - CONTROL NUMBER IDENTIFIER
- control field:
005 - DATE AND TIME OF LATEST TRANSACTION
- control field: 20241125142828.0
008 - FIXED-LENGTH DATA ELEMENTS
- fixed length control field: 241125|| aca||aabn | a|a d
040 ## - CATALOGING SOURCE
- Original cataloging agency:
- Transcribing agency:
100 ## - HEADING--PERSONAL NAME
- Personal name: AKPAM, Monica Member
670 ## - SOURCE DATA FOUND
- Source citation: Work cat.: ()31480: AKPAM, Monica Member aut, God's maiden :, 2023
